Память в контексте историзма; В мире научных открытий; № 11.2
| Parent link: | В мире научных открытий.— , 2008- № 11.2.— 2011.— [С. 696-704] |
|---|---|
| מחבר ראשי: | |
| מחבר תאגידי: | |
| סיכום: | Заглавие с экрана В статье ставится проблема соотношения социальной и исторической памяти. Социальная память направлена на достижение ценностно-смыслового консенсуса, память историческая стремится сохранить и передать фактические знания о прошлом. Социальная память и память историческая, имея идентичный объект отражения, отличаются способами фиксации его содержания и формами отражения социального бытия. In the paper the problem of social and historical memory correlation is stated. Historical memory appears as a reflection of a particular “order” for this or that reception of the past. It results in rerecording and revaluating of the historic past where its content is either consciously profaned or sublimated. Social memory appears when the original unity of the society is lost and there is a necessity for building up some other theoretical constructors that can reflect a social existence of a person, group or state. Режим доступа: по договору с организацией-держателем ресурса |
| שפה: | רוסית |
| יצא לאור: |
2011
|
| נושאים: | |
| גישה מקוונת: | http://elibrary.ru/item.asp?id=17345518 |
| פורמט: | אלקטרוני Book Chapter |
| KOHA link: | https://koha.lib.tpu.ru/cgi-bin/koha/opac-detail.pl?biblionumber=646547 |
MARC
| LEADER | 00000naa0a2200000 4500 | ||
|---|---|---|---|
| 001 | 646547 | ||
| 005 | 20250122114440.0 | ||
| 035 | |a (RuTPU)RU\TPU\network\11683 | ||
| 035 | |a RU\TPU\network\11681 | ||
| 090 | |a 646547 | ||
| 100 | |a 20160303d2011 k y0rusy50 ca | ||
| 101 | 0 | |a rus | |
| 102 | |a RU | ||
| 135 | |a drgn ---uucaa | ||
| 181 | 0 | |a i | |
| 182 | 0 | |a b | |
| 200 | 1 | |a Память в контексте историзма |d Memory within the framework of historicim |f О. Т. Лойко | |
| 203 | |a Текст |c электронный | ||
| 300 | |a Заглавие с экрана | ||
| 320 | |a [Библиогр.: с. 704 (6 назв.)] | ||
| 330 | |a В статье ставится проблема соотношения социальной и исторической памяти. Социальная память направлена на достижение ценностно-смыслового консенсуса, память историческая стремится сохранить и передать фактические знания о прошлом. Социальная память и память историческая, имея идентичный объект отражения, отличаются способами фиксации его содержания и формами отражения социального бытия. | ||
| 330 | |a In the paper the problem of social and historical memory correlation is stated. Historical memory appears as a reflection of a particular “order” for this or that reception of the past. It results in rerecording and revaluating of the historic past where its content is either consciously profaned or sublimated. Social memory appears when the original unity of the society is lost and there is a necessity for building up some other theoretical constructors that can reflect a social existence of a person, group or state. | ||
| 333 | |a Режим доступа: по договору с организацией-держателем ресурса | ||
| 461 | |t В мире научных открытий |d 2008- | ||
| 463 | |t № 11.2 |v [С. 696-704] |d 2011 | ||
| 510 | 1 | |a Memory within the framework of historicim |z eng | |
| 610 | 1 | |a электронный ресурс | |
| 610 | 1 | |a труды учёных ТПУ | |
| 610 | 1 | |a пямять | |
| 610 | 1 | |a социальное бытие | |
| 610 | 1 | |a историческая память | |
| 610 | 1 | |a social memory | |
| 610 | 1 | |a social life | |
| 700 | 1 | |a Лойко |b О. Т. |c специалист в области культурологии и социальной коммуникации |c профессор Томского политехнического университета, доктор философских наук |f 1949- |g Ольга Тимофеевна |3 (RuTPU)RU\TPU\pers\24646 |9 10910 | |
| 712 | 0 | 2 | |a Национальный исследовательский Томский политехнический университет |b Институт социально-гуманитарных технологий |b Кафедра истории и философии науки и техники |3 (RuTPU)RU\TPU\col\21252 |9 27943 |
| 801 | 2 | |a RU |b 63413507 |c 20170116 |g RCR | |
| 856 | 4 | |u http://elibrary.ru/item.asp?id=17345518 | |
| 942 | |c CF | ||